000 00570nam a2200217Ia 4500
003 OSt
005 20221005063000.0
006 a|||||r|||| 00| 0
007 ta
008 221004b |||||||| |||| 00| 0 eng d
024 _a90457
037 _cTextual
040 _aCRL
_cCRL
_beng
041 _2eng
_aeng
082 _aT4:3,8.56'N7, L0
245 0 _aStudy guide
_b Foundation courses 1971
260 _aLondon
_bThe Open University Press UK
_c1970
650 _aEDUCATION
942 _hT4:3,8.56'N7, L0
_cTEXL
_2cc
999 _c970663
_d970663